Análisis del registro de productores y entregadores de café. Cosecha 1975-1976

Đã lưu trong:
Chi tiết về thư mục
Tác giả của công ty: Costa Rica. Oficina del Café
Định dạng: Texto
Được phát hành: San José: La Oficina
Những chủ đề:
Các nhãn: Thêm thẻ
Không có thẻ, Là người đầu tiên thẻ bản ghi này!

MARC

LEADER 00000 a a2200000 04500
001 14438
003
040 |a CRAI/IIS  |c CRAI/IIS 
090 |a 021000  
110 |a Costa Rica. Oficina del Café  
245 |a Análisis del registro de productores y entregadores de café. Cosecha 1975-1976  
260 |a San José:   |b La Oficina  
300 |a 132 p.  
650 |a CAFE  
999 |c 14500  |d 14500